Guess The Fast Food/Restaurant Logos - Statistics

General Stats
  • This quiz has been taken 164 times
    118 since last reset
  • The average score is 28 of 52
Answer Stats
Picture Answer % Correct
Arby's
85%
Baskin Robbins
82%
Burger King
82%
Chick Fil A
80%
Dominos
80%
Dunkin Donuts
80%
KFC
80%
Pizza Hut
76%
Mcdonalds
75%
Starbucks`
75%
Subway
75%
Wendy's
75%
Applebees
73%
Taco Bell
73%
In-N-Out
71%
Panda Express
71%
Chipotle
70%
Dairy Queen
68%
Denny's
68%
Carls Jr.
67%
Chili's
67%
White Castle
65%
Ihop
63%
Jack In The Box
63%
Sonic
63%
Hooters
62%
A&W
61%
Chuck e Cheese
61%
Popeyes
59%
Krispy Kreme
57%
Whataburger
54%
Jimmy Johns
48%
Auntie Anne's
44%
Big Boy
42%
Bojangles
37%
Firehouse Subs
34%
Cinnabon
33%
Zaxby's
32%
Cold Stone Creamery
30%
Quiznos
30%
Waffle House
30%
Church's Chicken
29%
Jersey Mikes
28%
Nando's
28%
Little Caesers
27%
Costa Coffee
25%
Del Taco
24%
Einstein Bros Bagels
23%
Cici's Pizza
20%
Jollibees
20%
Outback Steakhouse
19%
Blaze Pizza
15%
No matching quizzes found
Score Distribution
Percent of People with Each Score
Percentile by Number Answered
Your Score History
You have not taken this quiz since the last reset